Biomimicry in architecture / (Record no. 31156)

MARC details
000 -LEADER
fixed length control field 01179nam a22003731i 4500
001 - CONTROL NUMBER
control field R9781003726449
001 - CONTROL NUMBER
control field 9781003726449
003 - CONTROL NUMBER IDENTIFIER
control field EG-ScBUE
005 - DATE AND TIME OF LATEST TRANSACTION
control field 20260405103957.0
008 - FIXED-LENGTH DATA ELEMENTS--GENERAL INFORMATION
fixed length control field 251010t2025 enka f b 001 0 eng d
020 ## - INTERNATIONAL STANDARD BOOK NUMBER
Cancelled/invalid ISBN 9781915722683
040 ## - CATALOGING SOURCE
Original cataloging agency NhCcYBP
Language of cataloging eng
Description conventions rda
Transcribing agency NhCcYBP
Modifying agency EG-ScBUE
082 04 - DEWEY DECIMAL CLASSIFICATION NUMBER
Classification number 720.47
Edition number 22
Item number PAW
100 1# - MAIN ENTRY--PERSONAL NAME
Personal name Pawlyn, Michael,
Relator term author.
245 10 - TITLE STATEMENT
Title Biomimicry in architecture /
Statement of responsibility, etc Michael Pawlyn.
250 ## - EDITION STATEMENT
Edition statement Third edition.
264 #1 - PUBLICATION, DISTRIBUTION, ETC. (IMPRINT)
Place of publication, distribution, etc London :
Name of publisher, distributor, etc RIBA Publishing,
Date of publication, distribution, etc [2025]
264 #4 - PUBLICATION, DISTRIBUTION, ETC. (IMPRINT)
Date of publication, distribution, etc c2025
300 ## - PHYSICAL DESCRIPTION
Extent 206 pages :
Other physical details illustrations (chiefly color) ;
Dimensions 28 cm
336 ## - CONTENT TYPE
Content type term text
Content type code txt
Source rdacontent
337 ## - MEDIA TYPE
Media type term computer
Media type code c
Source rdamedia
338 ## - CARRIER TYPE
Carrier type term online resource
Carrier type code cr
Source rdacarrier
500 ## - GENERAL NOTE
General note Previous edition: 2019.
504 ## - BIBLIOGRAPHY, ETC. NOTE
Bibliography, etc Includes bibliographical references and index.
650 #7 - SUBJECT ADDED ENTRY--TOPICAL TERM
Topical term or geographic name as entry element Organic architecture.
Source of heading or term BUEsh
650 #7 - SUBJECT ADDED ENTRY--TOPICAL TERM
Topical term or geographic name as entry element Sustainable architecture.
Source of heading or term BUEsh
650 #7 - SUBJECT ADDED ENTRY--TOPICAL TERM
Topical term or geographic name as entry element Architecture
General subdivision Environmental aspects.
Source of heading or term BUEsh
650 #7 - SUBJECT ADDED ENTRY--TOPICAL TERM
Topical term or geographic name as entry element Biomimicry.
Source of heading or term BUEsh
650 #7 - SUBJECT ADDED ENTRY--TOPICAL TERM
Topical term or geographic name as entry element Architecture and biology.
Source of heading or term BUEsh
650 #7 - SUBJECT ADDED ENTRY--TOPICAL TERM
Topical term or geographic name as entry element Bionics.
Source of heading or term BUEsh
653 ## - INDEX TERM--UNCONTROLLED
Arrived date list April2026
655 ## - INDEX TERM--GENRE/FORM
Form subdivision Reading book
942 ## - ADDED ENTRY ELEMENTS (KOHA)
Source of classification or shelving scheme Dewey Decimal Classification
Koha item type Book - Borrowing
Holdings
Withdrawn status Lost status Source of classification or shelving scheme Damaged status Not for loan Collection code Home library Current library Shelving location Date acquired Source of acquisition Cost, normal purchase price Serial Enumeration / chronology Total Checkouts Full call number Barcode Date last seen Cost, replacement price Price effective from Koha item type
    Dewey Decimal Classification     Baccah Central Library Central Library Second Floor 05/04/2026 Purchase 3391.00 40179   720.47 PAW 000057568 05/04/2026 4240.00 05/04/2026 Book - Borrowing